| 000 | 00649nam a2200181 a 4500 | ||
|---|---|---|---|
| 005 | 20210223122559.0 | ||
| 008 | 991125s1940 san 000 0 spa u | ||
| 035 | _aUPN01000038017 | ||
| 049 | _aCE | ||
| 050 | 4 |
_aL234 A2 _bM4 1940 |
|
| 245 | 0 | 0 |
_aMemoria de educación pública : _bcorrespondiente al año 1940 / _cMinisterio de Educación Pública. |
| 260 |
_aSan José, C. R. : _bMinisterio de Educación Pública, _c1940. |
||
| 300 |
_a226 p., [2] h. pleg. : _bi |
||
| 610 | 1 | 4 |
_aCOSTA RICA. _bMINISTERIO DE EDUCACION PUBLICA - _vINFORMES _911335 |
| 710 | 2 |
_aCosta Rica. _bMinisterio de Educación Pública |
|
| 904 |
_aAC _b038019 |
||
| 905 | _aLibro | ||
| 999 |
_c38017 _d38017 |
||